|
|
|
|
| LEADER |
01322naa a2200277 i 4500 |
| 001 |
acta84296 |
| 005 |
20240322131503.0 |
| 008 |
240322s2017 hu o 1|| eng d |
| 020 |
|
|
|a 978-963-306-530-3
|
| 040 |
|
|
|a SZTE Egyetemi Kiadványok Repozitórium
|b hun
|
| 041 |
|
|
|a eng
|
| 100 |
1 |
|
|a Brad loan
|
| 245 |
1 |
0 |
|a Study regarding agricultural production from Caras-Severin County
|h [elektronikus dokumentum] :
|b [abstract] /
|c Brad loan
|
| 260 |
|
|
|a University of Szeged Faculty of Agriculture
|b Hódmezővásárhely
|c 2017
|
| 300 |
|
|
|a 30
|
| 490 |
0 |
|
|a Wellmann International Scientific Conference
|v 15
|
| 650 |
|
4 |
|a Mezőgazdaság-tudományok
|
| 650 |
|
4 |
|a Mezőgazdaság, erdészet, halászat
|
| 650 |
|
4 |
|a Állattenyésztési és tejtermelési tudomány
|
| 695 |
|
|
|a Mezőgazdasági termelés - Románia - regionális - előadáskivonat, Mezőgazdaság - Románia - regionális - előadáskivonat, Állattenyésztés - előadáskivonat, Növénytermesztés - előadáskivonat
|
| 700 |
0 |
1 |
|a Iancu Tiberiu
|e aut
|
| 700 |
0 |
1 |
|a Gherman Remus
|e aut
|
| 700 |
0 |
1 |
|a Adamov Tabita
|e aut
|
| 700 |
0 |
1 |
|a Dincu Ana Mariana
|e aut
|
| 711 |
|
|
|a 15th Wellmann International Scientific Conference
|c Hódmezővásárhely
|d 2017. május 3.
|
| 856 |
4 |
0 |
|u http://acta.bibl.u-szeged.hu/84296/1/wellmann_abstracts_2017_030.pdf
|z Dokumentum-elérés
|